000 00890nma a22002177a 4500
005 20210325190612.0
006 g q ||
008 s2544 th thaeng
041 _athaeng
090 _aOCD101
245 1 0 _aNational geographic : ตอน พระเจ้าซาร์แห่งรัสเซีย [CD-ROM]
260 3 _aกรุงเทพฯ :
_bเอส.ที.วีดีโอ,
_c2544
300 _a1 แผ่นSoundColour
650 0 4 _aกษัตริย์และผู้ครองนคร -- รัสเซีย
650 0 4 _aพระเจ้าซาร์ -- กษัตริย์และผู้ครองนคร -- รัสเซีย
650 0 4 _aราชวงศ์โรมานอฟ
850 _aNALT
942 _cCD
997 _c000000000025921
_kVC
998 _aSANG-AROON ANU-KRAUGH
999 _c25921
_d25921